00972nam a2200217 a 4500001001000000003000500010005001700015008004100032010001100073011001100084040000900095100003500104245015700139260004100296500006000337502010900397600006700506600007700573650003400650856007000684000112552CHAP20220329144312.0160616s2016 mx sm |||||||spa d a109013 a109985 cCHAP1 aIglesias Casas, Esteban Manuel10aEstudio crítico de los métodos de investigación y exposición en Efraín Hernández Xolocotzih[En línea]cpor Esteban Manuel Iglesias Casas. aChapingo, Méx. :bEl autor,c2016. aPara ver el contenido del material haga clic en la liga aTesis (Ph.D. en Ciencias en Educación Agrícola Superior) -- UACH. Departamento de Sociología Rural14aHernández Xolocotzi, EfraímxCrítica e interpretación.14aHernández Xolocotzi, EfraímxInvestigación agrícolaxAnálisis.14aAgriculturaxInvestigación. aFinding aiduhttp://10.13.5.2/tesis/sist112552.pdfzTeclea aquí